000 00555nam a2200193Ia 4500
001 59885
008 140520s9999 xx 000 0 und d
020 _a9781609184940
040 _cPK-LaUMT
082 _a 616.8917
_bMCW-P
100 _aMcWilliams, Nancy
245 _aPsychoanalytic diagnosis
_bunderstanding personality structure in the clinical process
_cMcWilliams, Nancy
250 _a2nd
260 _aNew York,USA:
_bThe Guilford Press,
_c2011
300 _a426 p.
546 _aEN
650 _aPersonality disorders-Diagnosis
942 _cBK
999 _c57213
_d57213